000 00882nac a22002777a 4500
001 BR7575042
003 BR-BrBNA
005 20241030102041.0
008 230509b bl.|||m| |||| 00| 0 por d
040 _aBR-BrBNA
_bpor
072 _aC00; F00; E30
090 _aC00
_bBR7575042
110 1 _aAssociação de Credito e Assistência Rural do Estado do Pará
_9493
245 1 _aPlano anual de trabalho 1975 /
260 3 _aBelem, PA (Brasil):
_c1975.
300 _a104 p.
490 _aPlano Anual de Trabalho - Associação de Credito e Assistência Rural do Estado do Para (Brazil)
500 _a40 tables; 19 ref.
650 _aExtensão rural
650 _aProjeto de desenvolvimento
650 _aAssistência técnica
650 _aProdução vegetal
650 _aPará
909 _a10/2024
_bSARAH
942 _cMS
999 _c266170
_d266170